000 00449nam a22001577a 4500
005 20260306094230.0
008 260306b |||||||| |||| 00| 0 eng d
022 _a978-0-099-54153-0
050 _aPS 3511 .I9 F38 2025
100 _aFITZGERALD, F. SCOTT
245 _aTHE GREAT GATSBY.
260 _aLONDON,
_bVINTAGE CLASSICS,
_c2025
300 _a148 P
650 _a1. TRAFFIC ACCIDENTS- FICTION 2. MARRIED WOMEN- FICTION
942 _2lcc
_cBK
999 _c216793
_d216793